000 00461nam a2200181Ia 4500
005 20250326124443.0
008 250326s9999 xx 000 0 und d
037 _aTextbook
040 _aFMSL
_beng
_cFMSL
041 _aeng
_2eng
084 _aX:8 K7
_qFMSL
100 _aMcgregor D
245 0 _aProfessional manager
_cMcgregor D
260 _aNY
_bNY, McGraw-HIll
_c1967
300 _a202p
942 _cTB
_hX:8 K7
999 _c1273758
_d1273758